000 00649nam a2200277Ia 4500
005 20260324120101.0
008 008 260324s9999 xx 000 0 eng d
020 _a9781315849430
037 _aEBOOK
040 _aCRL
040 _beng
040 _cCRL
041 _2eng
041 _aeng
084 _qCRL
100 _aThomas M Heffernan
_91157169
245 4 _aThe Student's Guide to Studying Psychology
260 _bTaylor and Francis
260 _c2015
365 _a
365 _b230
856 _uhttp://www.taylorfrancis.com/books/9781315849430
942 _cEBOOK
999 _c1748496
_d1748496